<?xml version="1.0" encoding="UTF-8"?>
<collection xmlns="http://www.loc.gov/MARC21/slim">
<record>
  <controlfield tag="001">98374</controlfield>
  <controlfield tag="005">20231219145818.0</controlfield>
  <datafield tag="024" ind1="8" ind2=" ">
    <subfield code="2">sideral</subfield>
    <subfield code="a">122126</subfield>
  </datafield>
  <datafield tag="037" ind1=" " ind2=" ">
    <subfield code="a">ART-2019-122126</subfield>
  </datafield>
  <datafield tag="041" ind1=" " ind2=" ">
    <subfield code="a">spa</subfield>
  </datafield>
  <datafield tag="100" ind1=" " ind2=" ">
    <subfield code="a">Mesa Gancedo, Daniel</subfield>
    <subfield code="u">Universidad de Zaragoza</subfield>
    <subfield code="0">(orcid)0000-0003-3433-1775</subfield>
  </datafield>
  <datafield tag="245" ind1=" " ind2=" ">
    <subfield code="a">Cortázar, Julio, Rayuela, edición conmemorativa, Madrid, Real Academia Española - Asociación de Academias de la Lengua Española - Alfaguara, 2019, LXXXIII + 1026 pp.</subfield>
  </datafield>
  <datafield tag="260" ind1=" " ind2=" ">
    <subfield code="c">2019</subfield>
  </datafield>
  <datafield tag="506" ind1="0" ind2=" ">
    <subfield code="a">Access copy available to the general public</subfield>
    <subfield code="f">Unrestricted</subfield>
  </datafield>
  <datafield tag="520" ind1="3" ind2=" ">
    <subfield code="a">Con la publicación de Rayuela en el marco de su colección de ediciones conmemorativas, y coincidiendo felizmente con la celebración, en Córdoba (Argentina), del VIII Congreso Internacional de la Lengua Española que tuvo lugar en marzo de 2019, la RAE y la Asociación de Academias de la Lengua Española completan una posible tetralogía de textos clave del boom de la novela hispanoamericana (tras Cien años de soledad, La región más transparente y La ciudad y los perros), lo que –más allá del efecto de refuerzo del canon– constituye un suceso notable en la construcción de la historia material de la literatura hispánica. Sin embargo, cabe advertir que Rayuela sigue mostrándose renuente a ajustarse a la constitución de cualquier canon. Llama la atención, por ejemplo, que el pretexto conmemorativo sea diferente ahora del que acompañó a la publicación del resto de las obras mencionadas. Si en aquellos tres casos había detrás una fecha marcada, un aniversario redondo (el cuadragésimo de la publicación de Cien años de soledad –y el octogésimo de su autor–, o el quincuagésimo de las publicaciones de La región más transparente y La ciudad y los perros), esta edición de Rayuela conmemora si acaso un cumpleaños no tan connotado: a lo sumo, los 35 años de la muerte de su autor, si es que –cabalísticamente– no son los 56 desde la primera publicación ...</subfield>
  </datafield>
  <datafield tag="540" ind1=" " ind2=" ">
    <subfield code="9">info:eu-repo/semantics/openAccess</subfield>
    <subfield code="a">by-nc-nd</subfield>
    <subfield code="u">http://creativecommons.org/licenses/by-nc-nd/3.0/es/</subfield>
  </datafield>
  <datafield tag="592" ind1=" " ind2=" ">
    <subfield code="a">0.103</subfield>
    <subfield code="b">2019</subfield>
  </datafield>
  <datafield tag="593" ind1=" " ind2=" ">
    <subfield code="a">Linguistics and Language</subfield>
    <subfield code="c">2019</subfield>
    <subfield code="d">Q4</subfield>
  </datafield>
  <datafield tag="593" ind1=" " ind2=" ">
    <subfield code="a">Language and Linguistics</subfield>
    <subfield code="c">2019</subfield>
    <subfield code="d">Q4</subfield>
  </datafield>
  <datafield tag="655" ind1=" " ind2="4">
    <subfield code="a">info:eu-repo/semantics/other</subfield>
    <subfield code="v">info:eu-repo/semantics/publishedVersion</subfield>
  </datafield>
  <datafield tag="710" ind1="2" ind2=" ">
    <subfield code="1">3002</subfield>
    <subfield code="2">583</subfield>
    <subfield code="a">Universidad de Zaragoza</subfield>
    <subfield code="b">Dpto. Filología Española</subfield>
    <subfield code="c">Área Literatura Española</subfield>
  </datafield>
  <datafield tag="773" ind1=" " ind2=" ">
    <subfield code="g">99, 320 (2019), 965-974</subfield>
    <subfield code="p">Bol. R. Acad. Esp.</subfield>
    <subfield code="t">Boletín de la Real Academia Española</subfield>
    <subfield code="x">0210-4822</subfield>
  </datafield>
  <datafield tag="856" ind1="4" ind2=" ">
    <subfield code="s">86877</subfield>
    <subfield code="u">http://zaguan.unizar.es/record/98374/files/texto_completo.pdf</subfield>
    <subfield code="y">Versión publicada</subfield>
  </datafield>
  <datafield tag="856" ind1="4" ind2=" ">
    <subfield code="s">1184887</subfield>
    <subfield code="u">http://zaguan.unizar.es/record/98374/files/texto_completo.jpg?subformat=icon</subfield>
    <subfield code="x">icon</subfield>
    <subfield code="y">Versión publicada</subfield>
  </datafield>
  <datafield tag="856" ind1="4" ind2="1">
    <subfield code="u">http://revistas.rae.es/brae/article/download/390/868</subfield>
    <subfield code="z">Texto completo de la revista</subfield>
  </datafield>
  <datafield tag="909" ind1="C" ind2="O">
    <subfield code="o">oai:zaguan.unizar.es:98374</subfield>
    <subfield code="p">articulos</subfield>
    <subfield code="p">driver</subfield>
  </datafield>
  <datafield tag="951" ind1=" " ind2=" ">
    <subfield code="a">2023-12-19-14:44:37</subfield>
  </datafield>
  <datafield tag="980" ind1=" " ind2=" ">
    <subfield code="a">ARTICLE</subfield>
  </datafield>
</record>
</collection>